Célébrités chauves - Statistiques

Statistiques générales
  • Ce quiz a été pris 836 fois
    745 depuis la dernière actualisation
  • Le résultat moyen est 15 sur 45
Statistiques - réponses
Par images Réponse % Correct
Zinedine Zidane
85%
Dwayne Johnson
83%
Philippe Etchebest
81%
Vin Diesel
81%
Eric Judor
80%
Kanye West
76%
Gandhi
70%
Teddy Rinner
64%
Mike Tyson
59%
Pascal Obispo
59%
Jeff Bezos
58%
Bruce Willis
56%
Jason Statham
54%
Franck Gastambide
53%
Pitbull
53%
Vincent Lagaf
53%
Fabien Barthez
47%
Samuel L Jackson
46%
Sébastien Cauet
44%
Pep Guardiola
41%
Harry Roselmack
37%
Michel Blanc
36%
Jean-Pierre Coffe
24%
Dave Bautista
17%
Gianni Infantino
16%
André Agassi
15%
Terry Crews
14%
Damon Wayans
12%
Dominic Purcell
12%
Patrick Stewart
10%
Dean Norris
9%
Ben Kingsley
8%
JK Simmons
7%
Stanley Tucci
7%
Moby
6%
Tyrese Gibson
6%
Mark Strong
5%
Jonathan Banks
3%
Billy Zane
2%
Common
2%
Michael Chiklis
2%
Randy Couture
2%
Terry O'Quinn
2%
Corey Stoll
1%
Steven Soderbergh
1%
Aucun quiz correspondant
Distribution des résultats
% des personnes avec chaque résultat
Percentile par nombre de réponses
Votre historique - résultats
Vous n’avez pas pris ce quiz depuis la dernière actualisation